Viswa charithravalogam / (Record no. 6014)
[ view plain ]
| 000 -LEADER | |
|---|---|
| fixed length control field | 00468cam a2200181ua 4500 |
| 041 ## - LANGUAGE CODE | |
| Language code of text/sound track or separate title | mal |
| 082 ## - DEWEY DECIMAL CLASSIFICATION NUMBER | |
| Classification number | 930 |
| Item number | JAV/CH |
| 100 ## - MAIN ENTRY--AUTHOR NAME | |
| Personal name | Jawaharlal, Nehru . |
| 245 ## - TITLE STATEMENT | |
| Title | Viswa charithravalogam / |
| 250 ## - EDITION STATEMENT | |
| Edition statement | 1 / |
| 260 ## - PUBLICATION, DISTRIBUTION, ETC. (IMPRINT) | |
| Place of publication | Calicut : |
| Name of publisher | Mathrubhumi Printing & Publishing Companty Ltd , |
| Year of publication | 1961. |
| 300 ## - PHYSICAL DESCRIPTION | |
| Number of Pages | 1631 ; . |
| 942 ## - ADDED ENTRY ELEMENTS (KOHA) | |
| Koha item type | Books |
| Withdrawn status | Lost status | Damaged status | Home library | Current library | Date acquired | Full call number | Accession Number | Koha item type | Public note |
|---|---|---|---|---|---|---|---|---|---|
| Withdrawn | Damaged | KAUAET | Malayalam University | 07/04/2012 | 930 | 8870 | Books | Transferred to Malayalam University |
